| 000 | 00649cam a2200205 a 4500 | ||
|---|---|---|---|
| 020 | _a1863202218 | ||
| 040 | _cNNCU:A | ||
| 082 | 0 | 0 | _a632 AUS 1998 A038 Or. |
| 100 | 1 | _aWaterhouse, D. F. | |
| 245 | 1 | 0 |
_aBiological control of insect pests : _bSoutheast Asian prospects / |
| 260 |
_aCanberra : _bAustralian Centre for International Agricultural Research, _c1998. |
||
| 300 |
_avii, 548 p. : _bmaps ; _c26 cm. |
||
| 500 | _aIncludes indexes. | ||
| 650 | 0 | _aInsect pests | |
| 650 | 0 | _aInsect pests | |
| 650 | 0 | _aArthropod pests | |
| 650 | 0 | _aArthropod pests | |
| 710 | 2 | _aAustralian Centre for International Agricultural Research. | |
| 942 | _cEK | ||
| 999 |
_c11998 _d11998 |
||